An Introduction to Madhya Pradesh: (Record no. 186733)

MARC details
000 -LEADER
fixed length control field 00710nam a22002177a 4500
005 - DATE AND TIME OF LATEST TRANSACTION
control field 20220314130806.0
010 ## - LCCN (DPL NO)
LC control number ENG-131973
020 ## - INTERNATIONAL STANDARD BOOK NUMBER
International Standard Book Number 9789355320544
Terms of availability 450.00
035 ## - SYSTEM CONTROL NUMBER
System control number EN-115505
037 ## - SOURCE OF ACQUISITION
Source of stock number/acquisition DBAD
082 ## - DEWEY DECIMAL CLASSIFICATION NUMBER
Classification number 000
100 ## - MAIN ENTRY--PERSONAL NAME
Personal name Tripathi, Snehil
245 ## - TITLE STATEMENT
Title An Introduction to Madhya Pradesh:
Remainder of title General Knowledge/
Statement of responsibility, etc Snehil Tripathi, Sonali Bansal and Pavan Choudhary
250 ## - EDITION STATEMENT
Edition statement 4th Edition
260 ## - PUBLICATION, DISTRIBUTION, ETC. (IMPRINT)
Place of publication, distribution, etc Chennai
Name of publisher, distributor, etc McGraw Hill Education Private Limited
Date of publication, distribution, etc 2022
270 ## - ADDRESS
Address Anjana Complex No. 5/90 A, Butt Road, St. Thomas Mount
City Chennai
Postal code 600016
300 ## - PHYSICAL DESCRIPTION
Extent vp.
Dimensions 24cm(pbk)
700 ## - ADDED ENTRY--PERSONAL NAME
Personal name Bansal, Sonali
700 ## - ADDED ENTRY--PERSONAL NAME
Personal name Choudhary, Pavan
942 ## - ADDED ENTRY ELEMENTS (KOHA)
Source of classification or shelving scheme Dewey Decimal Classification
Item type English Books
Classification part 000
Call number suffix TRI
Holdings
Withdrawn status Lost status Not for loan Collection code Home library Current library Date acquired Source of acquisition Cost, normal purchase price Full call number Barcode Copy number Cost, replacement price Koha item type
      Non-fiction Patel Nagar Patel Nagar 14/03/2022 DBAD/PUB 450.00 000 TRI EN-115505 1 450.00 English Books

© Delhi Public Library
Hit Counter
free hit counter